Statystyki dla Ubrania na literę L

Kliknij tutaj aby rozwiązać quiz!

Ogólne statystyki

  • Ten quiz został rozwiązany 26 razy
  • Średni wynik to 2 z 5

Statystyki odpowiedzi

Ubranie% Poprawnych
legginsy
82%
laczki
55%
lakierki
41%
lenonki
14%
listonoszka
0%

Rozkład punktacji

Percentyl według liczby udzielonych odpowiedzi

Procent ludzi z każdym wynikiem

Twoja historia wyników

Nie rozwiązałeś tego quizu